000 00614nam a2200193 4500
003 LK-CoMWRAF
005 20231214094418.0
008 231214b |||||||| |||| 00| 0 eng d
040 _aLK-CoMWRAF
_dLK-CoMWRAF
_eLK-CoMWRAF
041 _asin
082 _a610
_bEKA
100 _aඒකනායක, රුවන්
245 _aහදවත් වරුණ
246 _aHadawath waruna
260 _aකොළඹ :
_bසෞඛ්‍ය අධ්‍යාපන කාර් යංශය
650 _aහදවත් රෝග
700 _aමලලසේකර, තුසිත
_eed.
_etrans.
942 _cBK
999 _c4441
_d4441